01092 a2200205 4500003000500000005001700005020001800022040000900040082001400049100002700063245007500090250001600165260003600181300001400217505047200231650002800703942001300731999001900744952012300763Nust20220725175324.0 a9781782166788 cNust a005.8,AGA a Agarwal.Monika995040 aMetasploit Penetration Testing CookbookcMonika Agarwal. Abhinav Singh a2nd Edition aMumbaibpackt publishingc2013  aiv; 306,p aMetasploit quick tips for security professionals (Page-7), Information gathering and scanning (Page- 31), Operating-system-based vulnerability assessment (Page-71), Client-side exploitation and antivirus bypass (Page-95), Working with modules for penetration testing (Page-121), Exploring exploits(page 143), Volp penetration testing (Page 163), Wireless network penetration testing (Page-181), Social engineer toolkit (Page-209), Working with meterpreter (Page-227). aTesting Cookbook995041 cREF2ddc c214826d214826 00102ddc4070aMCSbMCScREFd2016-12-12o005.8,AGApMCS37106r2016-12-08w2016-12-12yBKzAlmirah No.18, Shelf No.2